| 000 | 00551nam a22001932 4500 | ||
|---|---|---|---|
| 001 | 0000001748 | ||
| 005 | 20151217145726.0 | ||
| 008 | 070326s xx 000 0 eng d | ||
| 040 |
_aKABU _cKABU |
||
| 050 | 0 |
_aHD31 _b.M66 |
|
| 100 | 1 |
_aMookerjee, S. S. _@0000150750 |
|
| 245 | 1 | 0 | _aOrganization and management (theory and practice of management) : |
| 260 |
_aDelhi : _bSurjeet Publ., _c1995. |
||
| 300 | _aiv, 440 p. | ||
| 650 | 0 |
_aManagement. _@0000083920 |
|
| 908 | _a070326 | ||
| 950 | _@1 | ||
| 999 |
_c1933 _d1933 |
||